000 00771nam a22002532 4500
999 _c8861
_d8861
001 8861
003 BD - JhCC
005 20180714180443.0
008 690919s1969 nju 001 0 eng
020 _a0132624109
035 _a(BD - JhCC)8861
040 _aDLC
_cDLC
_dUKM
_dEQO
_dBD - JhCC
041 _aeng
050 0 _aQA154
_b.M97
082 _a510
_bMUE 1969
100 1 _aMueller, Francis J.
245 1 0 _aUnderstanding the new Elementary school mathematics :
_ba parent-teacher guide /
_c[by] Francis J. Mueller.
260 _aEnglewood Cliffs, N.J. :
_bDickenson publishing company, inc. ,
_c[1969]
300 _a164 p. :
_c25 cm.
650 0 _aMathematics--Study and teaching (Elementary)
650 0 _aMathematics-
942 _2ddc
_cBK